Clé de Sol - Statistics

General Stats
  • This quiz has been taken 92 times
    80 since last reset
  • The average score is 10 of 12
Answer Stats
Picture Answer % Correct
Do
100%
Do
100%
La
100%
Mi
100%
100%
100%
Si
100%
Sol
100%
Do
80%
Fa
80%
Fa
80%
La
80%
La
80%
Si
80%
Sol
80%
Mi
75%
75%
Sol
75%
Si
67%
No matching quizzes found
Score Distribution
Percent of People with Each Score
Percentile by Number Answered
Your Score History
You have not taken this quiz since the last reset